000 06808namaa22004331i 4500
003 EG-GICUC
005 20260502213905.0
008 260502s2025 ua a|||frm||| 000 0 eng d
040 _aEG-GICUC
_beng
_cEG-GICUC
_dEG-GICUC
_erda
041 0 _aeng
_beng
_bara
049 _aDeposit
082 0 4 _a617.645
092 _a617.645
_221
097 _aM.Sc
099 _aCai01.09.07 M.Sc.2025.En.A
100 0 _a Enas Abdelbadea Abdelghani Hassan,
_epreparation.
245 1 0 _aAwareness of emergency management of permanent teeth avulsion in children among a group of egyptian parents :
_ba cross-sectional study /
_cby Enas Abdelbadea Abdelghani Hassan ; Supervisors Prof. Dr. Soad Abdelmoniem Abdelmoniem, Dr. Shaimaa Mohamed Sabry Mostafa.
246 1 5 _aوعي مجموعه من الإباء المصريين عن العلاج الطارئ لانقلاع الاسنان الدائمة عند الأطفال :
_bدراسة مقطعيه
264 0 _c2025.
300 _a119 pages :
_billustrations ;
_c25 cm. +
_eCD.
336 _atext
_2rda content
337 _aUnmediated
_2rdamedia
338 _avolume
_2rdacarrier
502 _aThesis (M.Sc)-Cairo University, 2025.
504 _aBibliography: pages 104-117.
520 3 _aAim: This study aimed to estimate the level of parents' awareness about emergency management of dental avulsion among a group of Egyptian parents. Methodology: This cross-sectional study included 330 parents with children aged six to twelve years. Data were collected using written questionnaires. The questionnaires consisted of two parts, the first included sociodemographic data of participants, and the second consisting of 10 closed-ended questions. Data analysis was performed using the Chi-square test. Results: A total of 330 parents participated in the survey: 286 were females, and 44 were males. Of the parents, 11.8% had previous experience with dental trauma, 71.8% did not know what to do after dental avulsion, and 63.9% stated that they would search for a tooth on the ground. Additionally, 51.8% believed the tooth could be repositioned. Lastly, 60.6% of parents didn’t know the proper transport media, and almost all parents expressed interest in educational programs. Conclusion: A knowledge gap was identified regarding the possibility of replanting an avulsed tooth, how to properly manage an avulsed tooth before reimplantation, and the importance of using appropriate storage media. Age, educational level, and sex don’t affect parents’ awareness about emergency management of avulsion.
520 3 _aالمقدمة: أصبحت الصدمات السنية مشكلة شائعة في صحة الفم، تؤثر على كل من الأسنان اللبنية والدائمة لدى الأطفال والمراهقين. يمكن أن تؤثر هذه الإصابات سلبًا على تطور الأسنان والتنسيق السليم خلال هذه المرحلة الهامة. علاوة على ذلك، يمكن أن تتأثر جودة الحياة بشكل كبير بسبب الألم، والتغيرات في المظهر، والقيود الوظيفية التي قد تعيق الأنشطة اليومية . بما أن الإصابات السنية تحدث فجأة، فإن العلاج الفوري أمر ضروري. ويعتمد التوقع على كيفية إدارة أول المستجيبين للموقف الذين عادةً ما يكونون الوالدين الهدف :تم اجراء هذه الدراسة لتقييم مستوى وعي الإباء بشأن التصرف الفوري لانقلاع الأسنان الدائمة الطريقة :تم استخدام طريقة الاستبيان المكتوب لتقييم مستوى وعي الوالدين. شارك في هذه الدراسة الاباء الذين لديهم أطفال تتراوح أعمارهم بين ست إلى اثني عشر عامًا النتائج :شارك في الاستطلاع إجمالي 330 من الاباء: 286 منهم إناث و44 منهم ذكور. من بين الاباء، كانت 11.8% لديهم خبرة سابقة مع الصدمات السنية، و71.8% لم يعرفوا ماذا يفعلون بعد الانقلاع الأسنان، و63.9% أفادوا أنهم سيبحثون عن السن على الأرض بعد الحادث. بالإضافة إلى ذلك، قال 62.4% من الوالدين أنهم سيزورون طبيب الأسنان في غضون ساعة واحدة، بينما اعتقد 51.8% أن السن يمكن أن يتم إعادته إلى مكانه. علاوة على ذلك، اعتقد 92.7% من الوالدين أنهم لا يستطيعون إعادة زراعة السن المفقود بأنفسهم، وكان 58.8% منهم غير مدركين لأهمية استخدام وسط لحفظ الاسنان . أخيرًا، لم يعرف 60.6% من الوالدين الوسيلة الصحيحة لحفظ السن المفقود لحين الذهاب الي طبيب الاسنان، وأعرب معظم الوالدين عن اهتمامهم بالبرامج التعليمية. أظهرت هذه الدراسة وجود فجوة في المعرفة بشأن التعامل الطارئ لفقدان الأسنان. لم يكن هناك فرق إحصائي فيما يتعلق بالفئات العمرية المختلفة أو المستويات التعليمية أو الجنس الاستنتاجات: يوجد فجوة في المعرفة فيما يتعلق بإمكانية إعادة السن المنقلع ، وكيفية التعامل مع السن بشكل صحيح قبل إعادة زراعته، وأهمية استخدام وسائل الحفظ. لا يؤثر العمر أو المستوى التعليمي أو الجنس على وعي الآباء بالإدارة الطارئة لحالة انقلاع الاسنان الدائمة.-
530 _aIssues also as CD.
546 _aText in English and abstract in Arabic & English.
650 0 _aPediatric Dentistry
650 0 _aطب أسنان الأطفال
653 1 _aAvulsion
_aDental trauma
_aReimplantation
_aParents’ awaereness
_aStorage media
700 0 _aSoad Abdelmoniem Abdelmoniem
_ethesis advisor.
700 0 _aShaimaa Mohamed Sabry Mostafa
_ethesis advisor.
900 _b01-01-2025
_cSoad Abdelmoniem Abdelmoniem
_cShaimaa Mohamed Sabry Mostafa
_dRanda Youssef
_dMohamed Ahmed Abuelyazied
_UCairo University
_FFaculty of Dentistry
_DDepartment of Pediatric Dentistry
905 _aShimaa
942 _2ddc
_cTH
_e21
_n0
999 _c179896